000 00721nam a2200265Ia 4500
005 20260302115037.0
008 008 260114s9999 xx 000 0 eng d
020 _a9781501312205
037 _aTextbook
040 _aCRL
040 _beng
040 _cCRL
041 _2eng
041 _aeng
084 _qCRL
100 _aMarit Grøtta
_91120531
245 0 _aBaudelaire's Media Aesthetics The Gaze of the Flâneur and 19th-Century Media
260 _bBloomsbury
260 _bBloomsbury Academic
260 _c2015
650 _aLiterary Studies
856 _uhttps://dx.doi.org/10.5040/9781501312205?locatt=label:secondary_bloomsburyCollections
942 _cEBOOK
999 _c1684747
_d1684747